000 00507pam a2200157a 44500
008 230515b2019 xxu||||| |||| 00| 0 eng d
020 _a9789383864324
041 _aENGLISH
082 _a000
100 _aMINISTRY OF AYUSH
245 _aAYURVEDA BASED DIET & LIFE STYLE GUIDELINE FOR PREVENTION AND MANAGEMENT OF SKIN DISEASES
250 _aI
260 _aNEW DELHI
_bNULL
_c2019
300 _a42
650 _aAYURVEDA BASED DIET & LIFE STYLE GUIDELINE FOR PREVENTION AND MANAGEMENT OF SKIN DISEASES
999 _c502274
_d502274